[Event "ESP-ch FEDC 29th"]
[Site "San Fernando"]
[Date "2020.11.17"]
[Round "1"]
[White "Solis Sanchez, Manuel"]
[Black "Septien Lopez, Valeriano"]
[Result "0-1"]
[WhiteElo "1481"]
[BlackElo "1764"]
[PlyCount "50"]
[EventDate "2020.11.17"]
[EventType "swiss"]
[EventRounds "7"]
[EventCountry "ESP"]
[SourceTitle "EXT 2024"]
[Source "ChessBase"]
[SourceDate "2023.10.10"]
[SourceVersion "1"]
[SourceVersionDate "2023.10.10"]
[SourceQuality "1"]

1. c4 Nf6 2. Nc3 e5 3. g3 d5 4. Bg2 d4 5. Ne4 Nc6 6. Nxf6+ Qxf6 7. d3 Bc5 8. Nf3 0-0 9. 0-0 Bg4 10. Nd2 Qe6 11. a3 a5 12. Ne4 Be7 13. Qc2 Bh3 14. f3 Bxg2 15. Kxg2 f5 16. Nf2 a4 17. e4 dxe3 18. Bxe3 f4 19. Bc1 Nd4 20. Qd1 fxg3 21. hxg3 Rxf3 22. Ne4 Rxf1 23. Qxf1 Rf8 24. Qh1 Qg4 25. Be3 Qf3+ 0-1